00392 2200145 4500001002100000008004100021035002000062245004700082100002200129260002800151300002000179082001400199650002000213990001300233INLIS000000000000045 ind  a0010-0322000045 aA LONG WAY FROM HOME JAUH DARI RUMAHcIKHA aELIZABETH BAGULEY aJAKARTAbERLANGGAc2007 a32 hlm.c22 cm. a899.221 3 aFIKSI INDONESIA a102333-1